1758 1893 1461 1655 1441 1550 1095 1420 1426 1715 1184 1106 1095 1105 1050 1164 1919 1034 1075 1415 1492 1943 1807 1700 1418 1011 1900 1492 1944 1208 1417 1801 1429 1715 1525 1021 1094 1604 1327 1133 1718 1347 1263 1612 1436 1199 1192 1189 1836 1125 1034 1378 1110 1029 1285 1182 1308 1620 1369 1777 1051 1660 1978 1865 1754 1174 1136 1917 1534 1685 1109 1822 1397 1989 1674 1571 1743 1970 1080 1533 1825 1622 1259 1208 1485 1612 1759 1011 1876 1922 1767 1275 1724 1228 1078 1637 1468 1864 1798 BCNSPRNW ULIB Ver.6.0+V

เปลี่ยนเป็นภาษาไทย

Change to English
 แสดงรายละเอียดบรรณานุกรม
  กลับหน้าหลัก

Brief Record : Get Marc (ISO 2709) : E-mail record : QR code < ปิดหน้าต่าง
LEADER : 00000nam 2200000uu 4500
001    13399127146
003     ULIB
008    191017s2017||||th 000 0 tha d
020    ^a9781316636688 (pbk.)
050  4 ^aPE1128^bM663
245 00 ^aMindset for IELTS :^ban official Cambridge IELTS course.^nFoundation,^pStudent s book /^cGreg Archer ... [et al.]
246 30 ^aCambridge English.^pMindset for IELTS :^ban officialCambridge IELTS course.^nFoundation, Student s book
250    ^a1st ed.
260    ^a[Cambridge] :^bCambridge University Press,^c2017
300    ^a135 p. :^bcol. ill. ;^c28 cm.
505 0  ^aDaily life -- House and home -- Hobbies, leisure andentertainment -- Travel and holidays -- Food -- Transportand places in town -- Jobs, work and study -- Health andmedicine -- Language -- Science and technology
650  0 ^aInternational English Language Testing System
650  0 ^aEnglish language^vTextbooks for foreign speakers
650  0 ^aEnglish language^vExaminations, questions, etc.
650  0 ^aEnglish language^xExaminations
653    ^aIELTS
700 1  ^aArcher, Greg
945    ^p0^l0^i27866
999    ^aกัณชพร จุลอักษร
รายการนี้ยังไม่มีแท็ก
คุณยังไม่ได้ล็อกอิน คุณสามารถมีกิจกรรมร่วมกับเว็บไซต์ได้ แต่ต้องล็อกอินก่อน ::
  ล็อกอิน

รายการสื่อสารสนเทศ

ลำดับที่ ประเภท เลขเรียก/บาร์โค้ด สถานที่ สถานะ
1. วิทยาศาสตร์การแพทย์ และสุขภาพ
วิทยาศาสตร์การแพทย์ และสุขภาพ
PE1128 M663 ฉ.1 
  Barcode: 27866
ห้องสมุดวิทยาเขตนครสวรรค์
►หนังสือทั่วไป:l:General Books
บนชั้น

รายการใกล้เคียง
    หัวเรื่อง [International English Language Testing System]

BibComment


ยังไม่เคยถูกคอมเมนท์

คอมเมนท์ทรัพยากรรายการนี้
  คอมเมนท์: Mindset for IELT..


 Copyright 2026. Bcnsprnw @Library